00342nam a22001217a 4500082001500000100001200015245003000027260003600057300000800093942000700101952009500108999001700203 a340.59 SHA aShafiis aAl-Resala Fi Usul Al-Fiqh bThe Islamic Texts Societyc1961 a379 cBK 00104070aHMIbHMId2016-02-17g250.00l0o340.59 SHAp21237r2016-02-17w2016-02-17yBK c19951d19951